Countries that border d. r. congo. - Statistics

General Stats
  • This quiz has been taken 9 times
  • The average score is 8 of 10
Answer Stats
Answer % Correct
A angola
100%
B burundi
100%
C cameroon
100%
CAR central african republic
100%
C congo
100%
SS south sudan
100%
U uganda
100%
Z zambia
100%
R ruanda
13%
T tansanwia
0%
No matching quizzes found
Score Distribution
Percent of People with Each Score
Percentile by Number Answered
Your Score History
You have not taken this quiz